Public Policies and Deforestation in Indonesia

Saved in:
Bibliographic Details
Main Author: Thiele, Rainer
Format: Book
Language:English
Published: Kiel Institut für Weltwirtschaft 1993
Series:Kiel Working Paper No.605
Subjects:
Tags: Add Tag
No Tags, Be the first to tag this record!

MARC

LEADER 00000nam a2200000 4500
001 c005352
005 20250521093040.3
041 0 |a eng 
044 |a DE 
245 1 0 |a Public Policies and Deforestation in Indonesia  |c Rainer Thiele 
264 1 |a Kiel  |b Institut für Weltwirtschaft  |c 1993 
300 |a 18 s. 
490 1 |a Kiel Working Paper  |v No.605 
830 0 |a Kiel Working Paper  |v No.605 
610 2 0 |a politika hospodárska 
610 2 0 |a lesníctvo 
610 2 0 |a poľnohospodárstvo 
610 2 0 |a Indonézia 
610 2 0 |a politika priemyselná 
100 1 |a Thiele, Rainer